000 00499nam a2200145Ia 4500
008 100204s9999 xx 000 0 und d
082 _b1211
100 _aदेशपांडे रा. खं.
245 _aदारी गुलाब फुलवा
260 _b"केसरी प्रकाशन, पुणे"
_c1974
300 _a152
630 _aदारी गुलाब फुलवा
730 _aदारी गुलाब फुलवा
942 _cBOOK
999 _c446378
_d446375